[Event "Eger op"]
[Site "Eger"]
[Date "1994.??.??"]
[Round "6"]
[White "Sleisz, Tamas"]
[Black "Persson, Hakon"]
[Result "1-0"]
[WhiteElo "2295"]
[BlackElo "2215"]

1.d4 f5 2.g3 Nf6 3.Bg2 g6 4.Nf3 Bg7 5.O-O O-O 6.c4 c6 7.b3 d6 8.Bb2 Qc7 9.Nbd2 Re8
10.Re1 Na6 11.a3 e5 12.c5 dxc5 13.dxe5 Ng4 14.e4 Nxe5 15.Nxe5 Bxe5 16.Bxe5 Rxe5
17.Nc4 Re7 18.e5 Be6 19.Nd6 Rd8 20.Rb1 b5 21.Qc1 Kg7 22.h4 Rf8 23.Qf4 Nb8
24.h5 Qa5 25.Bf3 h6 26.hxg6 Kxg6 27.Kg2 Rh7 28.g4  1-0

[Event "FIN-chT"]
[Site "?"]
[Date "1994.??.??"]
[Round "?"]
[White "Salo, Tapio"]
[Black "Lindstedt, Johan"]
[Result "1/2-1/2"]
[WhiteElo "2330"]
[BlackElo "2310"]

1.Nf3 f5 2.g3 Nf6 3.c4 g6 4.Bg2 Bg7 5.O-O O-O 6.d4 d6 7.d5 c6 8.Nc3 e5 9.dxe6 Bxe6
10.b3 Na6 11.Bb2 Qe7 12.Qc2  1/2-1/2

[Event "FRA-chT "]
[Site "FRA"]
[Date "1994.??.??"]
[Round "?"]
[White "Collard, Olivier"]
[Black "Eliet, Nicolas"]
[Result "0-1"]
[WhiteElo "2210"]
[BlackElo "2285"]

1.Nf3 f5 2.d4 Nf6 3.g3 g6 4.Bg2 Bg7 5.O-O O-O 6.c4 d6 7.Nc3 Qe8 8.d5 Na6
9.Nd4 Bd7 10.Rb1 c6 11.b3 Nc7 12.Ba3 c5 13.Nf3 Rb8 14.b4 cxb4 15.Bxb4 Na6
16.Ba3 Qc8 17.Nd2 Nc5 18.Nb3 Nfe4 19.Nxe4 Nxe4 20.Qd3 b5 21.cxb5 Bxb5 22.Qe3 Qa6
23.Bb2 Bxe2 24.Bxg7 Kxg7 25.Rfe1 Bc4 26.Bxe4 fxe4 27.Qxe4 Bxb3 28.Rxb3 Rxb3
29.axb3 Rf7 30.Qd4+ Kg8 31.Ra1 Qb6 32.Qxb6 axb6 33.Ra7 Kf8 34.Ra8+ Kg7 35.Ra7 Kf6
36.f4 Kf5 37.Ra4 Rf8 38.Ra7 Re8 39.Ra4 Rc8 40.Rb4 Rc5 41.h3 b5 42.g4+ Kf6
43.Rd4 h5 44.Kg2 Rc2+ 45.Kg1 Rc3 46.Rb4 hxg4 47.hxg4 Rg3+ 48.Kf2 Rxg4 49.Kf3 Kf5
50.Rxb5 Rxf4+ 51.Ke3 Re4+ 52.Kd3 Ke5 53.Kc3 g5 54.Rb7 Kf4 55.b4 g4 56.Rb8 g3
57.Rg8 Re5 58.Kd4 Rg5  0-1

[Event "Oberliga SuedW 9394"]
[Site "GER"]
[Date "1994.??.??"]
[Round "?"]
[White "Osieka, Udo"]
[Black "Krieger, Hermann"]
[Result "1/2-1/2"]
[WhiteElo "2300"]
[BlackElo "2280"]

1.Nf3 g6 2.d4 Bg7 3.c4 f5 4.g3 Nf6 5.Bg2 O-O 6.O-O d6 7.Nc3 Nc6 8.d5 Ne5
9.Qb3 Nxf3+ 10.Bxf3 Rb8 11.Be3 a6 12.Ba7 Ra8 13.Bd4 Nd7 14.Qd1 Ne5 15.Bg2 f4
16.gxf4 Rxf4 17.e3 Rh4 18.Bxe5 Bxe5 19.f4 Bxc3 20.bxc3 Qf8 21.Rf2 Qh6 22.Bf3 Bd7
23.Rg2 Rf8 24.Qd2 b6 25.Rg3 Rf7 26.Kh1 e5 27.dxe6 Bxe6 28.Bd5 Bxd5+ 29.cxd5 Rf5
30.c4 Qg7 31.Rag1 Rfh5 32.R3g2 Qe7 33.Qd3 Kf8 34.Qd4 Kf7 35.Re1 Rxh2+ 36.Rxh2 Rxh2+
37.Kxh2 Qh4+ 38.Kg2 Qxe1 39.Qe4 Qe2+ 40.Kg3 Qe1+ 41.Kg2 Qe2+ 42.Kg3 Kf8 43.Qe6 Qxc4
44.Qf6+ Kg8 45.Qe6+ Kf8 46.Qf6+  1/2-1/2

[Event "Oberliga Nord W9394"]
[Site "Germany"]
[Date "1994.??.??"]
[Round "?"]
[White "Remling, Christian"]
[Black "Naumann, Frank"]
[Result "1/2-1/2"]
[WhiteElo "2305"]
[BlackElo "2250"]

1.d4 g6 2.c4 f5 3.Nf3 Nf6 4.g3 Bg7 5.Bg2 O-O 6.O-O d6 7.b3 Qe8 8.Bb2 h6 9.Nbd2 Na6
10.a3 c6 11.Qc2 g5 12.e4 fxe4 13.Nxe4 Nxe4 14.Qxe4 Bf5 15.Qe3 Qf7 16.Bc3 Rae8
17.Nd2 Nc7 18.Ba5 e5 19.d5 b6 20.Bb4 cxd5 21.Bxd6 e4 22.Bxf8 Qxf8 23.cxd5 Nxd5
24.Qe2 Bxa1 25.Rxa1 Nf6 26.Qb5 Ng4 27.Rf1 Re5 28.Qc4+ Qf7 29.Qxf7+ Kxf7 30.Nc4 Re6
31.f3 exf3 32.Bxf3 Kg6 33.Bb7 Ne3 34.Rc1 Nxc4 35.Rxc4 Re3 36.Bd5 Rd3 37.Rc6+ Kg7
38.Rc7+ Kf6 39.Bc4 Rd7 40.Rxd7 Bxd7 41.Kf2 Ke5 42.Ke3 Bc6 43.b4 Bd7 44.Bd3 Kd5
45.Be2 Bf5 46.Bf1 Bc2 47.Be2 a5 48.Bf1 axb4 49.axb4 Bb3 50.h4 gxh4 51.gxh4 Bc4
52.Bg2+ Ke5 53.Bc6 Be6 54.Be4 Bh3 55.Bc6 Bf1 56.Be4 Bb5 57.Bb7 Bc4 58.Be4 Be6
59.Bc2 Bd5 60.Bd3 Bg2 61.Bc2 Bd5  1/2-1/2

[Event "Oberliga Ost A9394"]
[Site "Germany"]
[Date "1994.??.??"]
[Round "?"]
[White "Naumann, Alexander"]
[Black "Schikor, Torsten"]
[Result "0-1"]
[WhiteElo "2205"]
[BlackElo "2120"]

1.d4 f5 2.g3 g6 3.Bg2 Bg7 4.Nf3 Nf6 5.O-O O-O 6.c4 d6 7.Nc3 Qe8 8.d5 a5 9.Nd4 Na6
10.Rb1 Bd7 11.b3 Rb8 12.a3 c6 13.Bb2 Nc7 14.b4 cxd5 15.cxd5 axb4 16.axb4 Qf7
17.Nb3 g5 18.Qd2 Qh5 19.Nd4 Ng4 20.Nf3 f4 21.Rbc1 fxg3 22.fxg3 Rxf3 23.Rxf3 Nxh2
24.Ne4 Nxf3+ 25.exf3 Ne8 26.Bxg7 Kxg7 27.Nxg5 Nf6 28.Re1 Re8 29.f4 Qg6 30.Qc3 Kg8
31.Ne6 Rc8 32.Qe3 Ng4 33.Qb6 Qh6 34.Qd4 Qh2+ 35.Kf1 Bb5+  0-1

[Event "Oberliga Ost B9394"]
[Site "Germany"]
[Date "1994.??.??"]
[Round "?"]
[White "Bode, Ulf"]
[Black "Grabarczyk, Bogdan"]
[Result "0-1"]
[WhiteElo "2255"]
[BlackElo "2355"]

1.d4 f5 2.g3 Nf6 3.Bg2 g6 4.Nf3 Bg7 5.O-O O-O 6.c4 d6 7.Nc3 Nc6 8.Qc2 e5
9.dxe5 dxe5 10.Rd1 Bd7 11.a3 e4 12.Ng5 Qe7 13.Nh3 Ne5 14.Nd5 Nxd5 15.cxd5 c6
16.Qb3 cxd5 17.Nf4 Bc6 18.Nxd5 Qf7 19.Ne7+ Kh8 20.Qxf7 Rxf7 21.Nxc6 Nxc6
22.Ra2 Rc7 23.b4 Rd8 24.Rxd8+ Nxd8 25.Be3 b6 26.f3 exf3 27.exf3 Rc3 28.Kf2 Ne6
29.Ke2 Bd4 30.Bxd4+ Nxd4+ 31.Kd2 Rb3 32.f4 Nb5 33.Bc6 Nd6 34.Kc2 Re3 35.Bd5 Ne4
36.Bxe4 fxe4 37.Kd2 Rb3 38.Rc2 Rxa3 39.Rc7 a5 40.bxa5 bxa5 41.Re7 e3+ 42.Rxe3 Rxe3
43.Kxe3 Kg7 44.h3 h5 45.Kd4 Kf6 46.g4 h4 47.Kc4 Ke6 48.Kb5 Kd5 49.Kxa5 Ke4
50.f5 gxf5 51.g5 Ke5 52.Kb4 Ke6 53.Kc4 Kf7 54.Kd4 Kg6 55.Kd5 Kxg5 56.Ke5 Kg6
57.Kf4 Kf6 58.Kf3 Ke5 59.Ke3 f4+ 60.Kf2 Ke4 61.Ke2 f3+ 62.Kf1 Kf5 63.Kg1 Ke5  0-1

[Event "BL2-N9394"]
[Site "Germany"]
[Date "1994.??.??"]
[Round "?"]
[White "Wesseln, Kai"]
[Black "Klostermann, Markus"]
[Result "1-0"]
[WhiteElo "2350"]
[BlackElo "2300"]

1.d4 f5 2.Nf3 Nf6 3.g3 g6 4.Bg2 Bg7 5.O-O O-O 6.c4 d6 7.Nc3 Qe8 8.d5 Na6
9.Rb1 c6 10.dxc6 bxc6 11.b4 Bd7 12.a3 Qf7 13.Qd3 Nc7 14.Bb2 h6 15.c5 d5 16.Ne5 Qe8
17.b5 Rb8 18.a4 e6 19.Ba3 Ne4 20.Nxd7 Nxc3 21.Nxb8 Nxb1 22.Rxb1 Qxb8 23.b6 Ne8
24.a5 Rf7 25.Bb2 Nf6 26.Qe3 Qc8 27.Bxf6 Bxf6 28.Qxh6 Bd4 29.Qxg6+ Kf8 30.Qh6+ Kg8
31.b7 Rxb7 32.Rxb7 Qxb7 33.Qxe6+ Kg7 34.Qxf5 Bxc5 35.h4 Qe7 36.e3 Qc7 37.a6 Qb6
38.Bf1 d4 39.exd4 Bxd4 40.Bc4 Qb2 41.Qf7+ Kh6 42.Bd3  1-0

[Event "BL2-S9394"]
[Site "Germany"]
[Date "1994.??.??"]
[Round "?"]
[White "Schwalfenberg, Joerg"]
[Black "Levitt, Jonathan"]
[Result "0-1"]
[WhiteElo "2210"]
[BlackElo "2445"]

1.Nf3 f5 2.d4 Nf6 3.g3 g6 4.Bg2 Bg7 5.O-O O-O 6.c4 d6 7.Nc3 c6 8.Qb3 h6 9.c5+ Kh7
10.cxd6 exd6 11.d5 c5 12.Nd2 Nbd7 13.Nc4 Qe7 14.Bf4 Ne8 15.e4 g5 16.Bd2 f4
17.f3 Ne5 18.Nxe5 Bxe5 19.Ne2 b5 20.Qxb5 Nc7 21.Qa5 Ba6 22.gxf4 gxf4 23.Rf2 Rf7
24.Bc3 Bxe2 25.Rxe2 Bxc3 26.bxc3 Nxd5 27.Qa6 Ne3 28.Rb1 Rg8 29.Kh1 Rfg7 30.Bh3 Qg5
31.Ree1 Qh5 32.Bg4 Nxg4 33.fxg4 Rxg4 34.Qxd6 Qxh2+  0-1

[Event "NRW-Liga I 9394"]
[Site "Germany"]
[Date "1994.??.??"]
[Round "?"]
[White "Molinaroli, Martin"]
[Black "Van Mil, Johannes A J"]
[Result "1/2-1/2"]
[WhiteElo "2290"]
[BlackElo "2450"]

1.Nf3 f5 2.c4 Nf6 3.g3 g6 4.Bg2 Bg7 5.O-O O-O 6.d4 d6 7.Nc3 Nc6 8.d5 Na5
9.Qa4 c5 10.dxc6 bxc6 11.Nd4 Bd7 12.Nxc6 Nxc6 13.Bxc6 Bxc6 14.Qxc6 Rc8 15.Qa4 Qd7
16.Qxd7 Nxd7 17.Nd5 Kf7 18.Be3 e6 19.Nc3 Bxc3 20.bxc3 Rxc4 21.Bxa7 Ra8 22.Be3 Rxc3
23.a4 Nc5 24.Rfb1 e5 25.Bxc5 Rxc5 26.Rb7+ Ke6 27.Rxh7 Rca5 28.Rg7 Kf6 29.Rd7 Ke6
30.Rg7  1/2-1/2

[Event "Giessen op"]
[Site "Giessen"]
[Date "1994.??.??"]
[Round "2"]
[White "Raetsky, Alexander"]
[Black "Rechel, Ralf"]
[Result "1-0"]
[WhiteElo "2410"]
[BlackElo "2140"]

1.d4 f5 2.c4 Nf6 3.Nf3 g6 4.g3 Bg7 5.Bg2 O-O 6.O-O d6 7.Nc3 Qe8 8.Be3 Ng4
9.Bd2 e5 10.dxe5 dxe5 11.h3 Nf6 12.e4 Nc6 13.Re1 Nxe4 14.Nxe4 fxe4 15.Ng5 h6
16.Nxe4 Qf7 17.Be3 Nd4 18.Bxd4 exd4 19.Qd3 Bf5 20.f4 Rae8 21.Re2 Re7 22.Rae1 Rfe8
23.g4 Bxe4 24.Bxe4 Kh7 25.Bxg6+ Qxg6 26.Qxg6+ Kxg6 27.Rxe7 Rxe7 28.Rxe7 c5
29.Rxb7  1-0

[Event "Graz op"]
[Site "Graz"]
[Date "1994.??.??"]
[Round "5"]
[White "Liedl, Wolfgang"]
[Black "Schroll, Gerhard"]
[Result "0-1"]
[WhiteElo "2230"]
[BlackElo "2370"]

1.d4 f5 2.c4 Nf6 3.Nf3 g6 4.g3 Bg7 5.Bg2 O-O 6.O-O d6 7.d5 c6 8.Nc3 cxd5
9.cxd5 Na6 10.Be3 Bd7 11.Re1 b5 12.a3 Nc5 13.Nd4 Ng4 14.Bf4 Bxd4 15.Qxd4 Nb3
16.Qd3 Nxa1 17.Rxa1 Qb6 18.Rf1 b4 19.axb4 Qxb4 20.h3 Nf6 21.Bh6 Rfc8 22.e4 Qxb2
23.Nd1 Qc2 24.Qe3 fxe4 25.Qg5 Qe2 26.g4 a5 27.Ne3 Qb2 28.Qh4 Qe5 29.Bg5 a4
30.Qh6 a3 31.Bf4 Qb2  0-1

[Event "Haarlem AKN"]
[Site "Haarlem"]
[Date "1994.??.??"]
[Round "2"]
[White "Strating, Sybolt"]
[Black "Van Mil, Johannes A J"]
[Result "1-0"]
[WhiteElo "2360"]
[BlackElo "2450"]

1.d4 f5 2.g3 Nf6 3.Bg2 g6 4.Nf3 Bg7 5.O-O O-O 6.c4 d6 7.Nc3 Nc6 8.b3 e5 9.dxe5 dxe5
10.Ba3 e4 11.Bxf8 Qxf8 12.Ng5 h6 13.Nh3 g5 14.Nd5 Ne8 15.f3 e3 16.Qd3 f4
17.gxf4 Bf5 18.Qd1 Rd8 19.fxg5 Nb4 20.gxh6 Bxa1 21.Qxa1 Nxd5 22.cxd5 Rxd5
23.Nf4 Rd7 24.Rd1 Rd2 25.Rc1 Qd6 26.Nh5 Rxe2 27.Ng3 Rf2 28.Nxf5 Qd2 29.Nh4 e2
30.Qb1 Qd4 31.Qg6+ Kf8 32.Qf5+ Ke7 33.Qe5+ Qxe5 34.Ng6+  1-0

[Event "Haarlem AKN"]
[Site "Haarlem"]
[Date "1994.??.??"]
[Round "2"]
[White "Witt, Rob"]
[Black "Glek, Igor V"]
[Result "0-1"]
[WhiteElo "2330"]
[BlackElo "2590"]

1.d4 f5 2.g3 Nf6 3.Bg2 g6 4.Nf3 Bg7 5.O-O O-O 6.c4 d6 7.Nc3 Qe8 8.d5 a5 9.Nd4 Na6
10.b3 Bd7 11.Bb2 c6 12.e3 Nc7 13.Nde2 c5 14.a4 g5 15.Qc2 Qh5 16.f3 e5 17.Nd1 Na6
18.Bc3 Nb4 19.Bxb4 axb4 20.Ra2 Kh8 21.f4 Rfe8 22.Nf2 Re7 23.Qd2 exf4 24.exf4 Rae8
25.Nc1 gxf4 26.Qxf4 Re5 27.Ncd3 Bh6 28.Qf3 Re3 29.Qxh5 Nxh5 30.Bh3 Bg7 31.Rb1 Bd4
32.Kf1 Bc3 33.Rc1 R8e7 34.Rcc2 Rg7 35.Re2 Rexg3 36.Rec2 Rg1+ 37.Ke2 Nf6 38.Rc1 Re7+
39.Kf3 Rgg7 40.Nd1 Ne4 41.Bg2 Bd4  0-1

[Event "Hastings op9495"]
[Site "Hastings"]
[Date "1994.??.??"]
[Round "?"]
[White "Tozer, Richard"]
[Black "Malaniuk, Vladimir P"]
[Result "0-1"]
[WhiteElo "2335"]
[BlackElo "2610"]

1.d4 f5 2.g3 Nf6 3.Bg2 g6 4.Nf3 Bg7 5.O-O O-O 6.c4 d6 7.Nc3 Qe8 8.Re1 Qf7
9.Ng5 Qxc4 10.Bf1 Qc6 11.e4 fxe4 12.Bb5 Qb6 13.Bc4+ Kh8 14.Nf7+ Rxf7 15.Bxf7 Bf5
16.Be3 c6 17.d5 c5 18.Be6 Qxb2 19.Bd2 Bxe6 20.dxe6 Nc6 21.Rb1 Qa3 22.Nxe4 Nxe4
23.Rxe4 Qxa2 24.Rxb7 Qd5 25.Re3 Rf8 26.Rb1 Nd4 27.Bc3 Kg8 28.f4 h5 29.Qd3 Kh7
30.Rf1 Rb8 31.Qe4 Qxe4 32.Rxe4 Rb3 33.Bxd4 Bxd4+ 34.Kg2 Rb2+ 35.Kh3 Kg7 36.f5 g5
37.g4 h4 38.Rfe1 a5 39.R4e2 Rb3+ 40.Kg2 h3+ 41.Kh1 a4 42.f6+ Bxf6 43.Re3 c4  0-1

[Event "EU-ch U16"]
[Site "Herculane"]
[Date "1994.??.??"]
[Round "8"]
[White "Chernuschevich, Alexei"]
[Black "Gelashvili, Tamaz"]
[Result "1-0"]
[WhiteElo "2365"]
[BlackElo "2260"]

1.d4 f5 2.g3 Nf6 3.Bg2 g6 4.Nf3 Bg7 5.O-O O-O 6.c4 d6 7.Nc3 Qe8 8.d5 Na6
9.Nd4 Bd7 10.Bg5 h6 11.Bxf6 Rxf6 12.f4 Rf8 13.e4 fxe4 14.Re1 c5 15.Ndb5 Qf7
16.Bxe4 Bf6 17.a3 Rfc8 18.Qd3 Kg7 19.Kg2 Nb8 20.a4 Na6 21.Nd1 Nb4 22.Qf3 a6
23.Nbc3 Rf8 24.Ne3 Bd4 25.Re2 h5 26.Rae1 Rae8 27.Bb1 e5 28.dxe6 Rxe6 29.Ncd5 Nxd5
30.cxd5 Rxe3 31.Rxe3 Bxe3 32.Rxe3 Bg4 33.Qf2 Qxd5+ 34.Be4 Qf7 35.Qd2 Re8
36.Qxd6 Bf5 37.Bd5 Qd7 38.Qxd7+ Bxd7 39.Rxe8 Bxe8 40.a5 Kf6 41.Bxb7 Bb5 42.Kf3 Ke6
43.Be4 Kf6 44.h4 Bd7 45.Bd3 Bc8 46.Ke3 Bf5 47.Bxf5 Kxf5  1-0

[Event "Hradec Kralove op"]
[Site "Hradec Kralove"]
[Date "1994.??.??"]
[Round "6"]
[White "Slezka, Vojtech"]
[Black "Danner, Georg"]
[Result "0-1"]
[WhiteElo "2380"]
[BlackElo "2385"]

1.d4 f5 2.Nf3 Nf6 3.g3 g6 4.Bg2 Bg7 5.O-O O-O 6.c4 c6 7.Nc3 d6 8.d5 Bd7 9.Nd4 Qe8
10.Rb1 Na6 11.b3 Nc7 12.Bb2 h6 13.Qd2 c5 14.Nf3 b5 15.cxb5 Nxb5 16.Qc2 Qf7
17.Nd2 Ng4 18.Nc4 f4 19.Nxb5 Bxb5 20.Qe4 g5 21.Bxg7 Kxg7 22.gxf4 Bxc4 23.Qxc4 Qxf4
24.Qxf4 Rxf4 25.e3 Rb4 26.Bh3 Ne5 27.a3 Rh4 28.Bg2 a5 29.h3 Rf8 30.f3 Rb8
31.Kh2 a4 32.bxa4 Rxb1 33.Rxb1 Rxa4  0-1

[Event "HUN-chT 9394"]
[Site "?"]
[Date "1994.??.??"]
[Round "?"]
[White "Marti, Gyorgy"]
[Black "Hoang Than Trang"]
[Result "1-0"]
[WhiteElo "2375"]
[BlackElo "2260"]

1.d4 f5 2.g3 Nf6 3.Bg2 g6 4.Nf3 Bg7 5.O-O O-O 6.c4 d6 7.Nc3 Qe8 8.Nd5 Nxd5
9.cxd5 Qb5 10.Ng5 Na6 11.h4 h6 12.Nh3 e5 13.dxe6 Bxe6 14.Nf4 Bf7 15.e4 Nb4
16.a3 Nc6 17.a4 Qc4 18.exf5 gxf5 19.Be3 Qb4 20.Nh5 Bxh5 21.Qxh5 Kh7 22.Rac1 Rac8
23.Bh3 Ne7 24.Rfe1 d5 25.Bxh6 Bxh6 26.Re6 Ng8 27.Bxf5+ Rxf5 28.Qxf5+ Kh8
29.Rxh6+  1-0

[Event "HUN-chT 9394"]
[Site "?"]
[Date "1994.??.??"]
[Round "?"]
[White "Balogh, Bela"]
[Black "Dao Thien Hai"]
[Result "0-1"]
[WhiteElo "2235"]
[BlackElo "2495"]

1.d4 f5 2.Nf3 Nf6 3.g3 g6 4.Bg2 Bg7 5.O-O O-O 6.c4 d6 7.d5 Qe8 8.Nc3 Na6
9.Be3 Bd7 10.Rc1 c5 11.Qd2 Nc7 12.Bh6 a6 13.Bxg7 Kxg7 14.e4 fxe4 15.Ng5 b5
16.b3 Bf5 17.Rfe1 h6 18.Ngxe4 Qd7 19.f4 Rae8 20.Re2 b4 21.Na4 Bxe4 22.Bxe4 e5
23.dxe6 Nxe6 24.Bg2 Nd4 25.Ree1 Qf5 26.Kh1 g5 27.fxg5 Qxg5 28.Qb2 Ng4 29.Rxe8 Rxe8
30.Rf1 Re2 31.Qb1 Nf2+ 32.Rxf2 Rxf2 33.Qe1 Rc2 34.h4 Rc1 35.hxg5 Rxe1+ 36.Kh2 hxg5
37.Nb6 Re2 38.Nc8 Rxa2 39.Nxd6 Nxb3 40.Ne4 Kh6 41.Kg1 Rxg2+ 42.Kxg2 a5  0-1

[Event "HUN-chT 9394"]
[Site "?"]
[Date "1994.??.??"]
[Round "?"]
[White "Navarovszky, Laszlo"]
[Black "Dao Thien Hai"]
[Result "1/2-1/2"]
[WhiteElo "2290"]
[BlackElo "2495"]

1.d4 f5 2.Nf3 Nf6 3.g3 g6 4.Bg2 Bg7 5.O-O O-O 6.c4 d6 7.b3 Qe8 8.Bb2 c6 9.Nbd2 Nbd7
10.Qc2 e5 11.dxe5 dxe5 12.e4 f4 13.c5  1/2-1/2

[Event "HUN-chT 9394"]
[Site "?"]
[Date "1994.??.??"]
[Round "?"]
[White "Juhasz, Bela"]
[Black "Horvath, Julia"]
[Result "1-0"]
[WhiteElo "2190"]
[BlackElo "2250"]

1.d4 f5 2.c4 Nf6 3.Nf3 g6 4.g3 Bg7 5.Bg2 O-O 6.O-O d6 7.Nc3 c6 8.b3 a5 9.Ba3 Na6
10.Rc1 Nb4 11.e3 Qc7 12.d5 e5 13.dxe6 Bxe6 14.Ng5 Bc8 15.h4 h6 16.Nh3 Nh5
17.Qd2 Be6 18.Rfd1 Rad8 19.Nd5 Bxd5 20.cxd5 c5 21.Bxb4 axb4 22.Qxb4 Qd7 23.Qd2 b5
24.Bf3 f4 25.Nxf4 Nxf4 26.exf4 g5 27.hxg5 hxg5 28.Kg2 gxf4 29.g4 Rde8 30.Re1 Be5
31.Rh1 Re7 32.Rh6 Rg7 33.Rch1 Rf5 34.Re6 b4 35.Qd3 Rf8 36.Rh5 Bd4 37.Qe4 Be5
38.g5 Qd8 39.Kh3 Qc8 40.Bg4 Qa6 41.Be2 Qxa2 42.Reh6 Qxb3+ 43.Kh4 Kf7 44.Qf5+ Ke8
45.Bb5+ Kd8 46.Qxf8+ Kc7 47.Qa8  1-0

[Event "Iraklio Schev"]
[Site "Iraklio"]
[Date "1994.??.??"]
[Round "9"]
[White "Lirindzakis, Timotheos"]
[Black "Zysk, Robert"]
[Result "0-1"]
[WhiteElo "2400"]
[BlackElo "2445"]

1.d4 f5 2.g3 Nf6 3.Bg2 g6 4.Nf3 Bg7 5.O-O O-O 6.c4 d6 7.Nc3 e6 8.Qc2 Nc6
9.Rd1 Bd7 10.e4 fxe4 11.Nxe4 Nxe4 12.Qxe4 Qf6 13.Be3 Rae8 14.Qc2 b6 15.Rd2 e5
16.dxe5 Nxe5 17.Nxe5 Qxe5 18.Bd5+ Kh8 19.Bd4 Qxd4 20.Rxd4 Bxd4 21.Rf1 Bh3
22.Qd2 c5 23.Bg2 Bg4 24.Kh1 Be2 25.Re1 Rxf2 26.b3 Kg7 27.Qc1 Re5 28.h4 h5
29.Qb1 a5 30.Qc1 Kh7 31.a4 Kg7 32.Qb1 Re3 33.Qc2 Bc3 34.Rg1 Rxg3 35.Qe4 Be5
36.Qb7+ Kh6 37.Qc8 Bg4  0-1

[Event "Isle of Man op"]
[Site "Isle of Man"]
[Date "1994.??.??"]
[Round "9"]
[White "Merriman, John"]
[Black "Hansen, Soren Bech"]
[Result "0-1"]
[WhiteElo "2265"]
[BlackElo "2285"]

1.d4 f5 2.g3 Nf6 3.Bg2 g6 4.Nf3 Bg7 5.O-O O-O 6.c4 d6 7.Nc3 c6 8.Re1 Ne4
9.Qc2 Nxc3 10.Qxc3 e5 11.dxe5 dxe5 12.e4 Nd7 13.Bg5 Qe8 14.Qd2 f4 15.Qb4 c5
16.Qd2 h6 17.Qd5+ Kh8 18.gxf4 hxg5 19.fxg5 Qe7 20.Qd2 Nb6 21.b3 Be6 22.Re3 Rad8
23.Qc3 Rf4 24.Kh1 Bg4 25.Rg1 Bxf3 26.Bxf3 Rd4 27.Qa5 Nc8 28.Bg4 b6 29.Qe1 Nd6
30.Rh3+ Kg8 31.f3 Nf7 32.Rhg3 Nxg5 33.Bh5 gxh5 34.Rxg5 Rf7 35.Qh4 Qd8 36.Qg3 Qf6
37.Rf5 h4 38.Qg4 Qe6 39.Qh5 Rxf5 40.exf5 Qf7 41.Rg6 Rd6 42.Qg4 Rxg6 43.fxg6 Qe7
44.Qh5 Bf6 45.Kg2 e4 46.f4 e3 47.Kf1 e2+ 48.Qxe2 Qxe2+ 49.Kxe2 Kg7 50.f5 Be5
51.Kf3 Kf6 52.Kg4 h3 53.Kh5 Kxf5 54.Kh6 Kg4  0-1

[Event "Heart of Finland op 4th"]
[Site "Jyvaskyla"]
[Date "1994.??.??"]
[Round "?"]
[White "Lyrberg, Patrik"]
[Black "Pyhala, Antti"]
[Result "1-0"]
[WhiteElo "2405"]
[BlackElo "2355"]

1.d4 f5 2.g3 Nf6 3.Bg2 g6 4.c4 Bg7 5.Nf3 O-O 6.O-O d6 7.Nc3 c6 8.b3 Qc7 9.Ba3 Rd8
10.Qc2 e5 11.Bxd6 Qxd6 12.dxe5 Qe7 13.exf6 Qxf6 14.Rad1 Re8 15.Nd4 Na6 16.a3 Nc5
17.e3 a5 18.b4 axb4 19.axb4 Ne6 20.Nce2 Nxd4 21.Nxd4 g5 22.c5 f4 23.exf4 gxf4
24.Qb3+ Kh8 25.b5 Bg4 26.Bf3 Bxf3 27.Nxf3 cxb5 28.Rd6 Qc3 29.Qd5 Qc4 30.Qh5 Re7
31.Rfd1 Bf8 32.Ne5 Qe4 33.Ng6+ Kg8 34.Nxe7+ Bxe7 35.R6d4 Qg6 36.Qd5+ Kh8
37.Qxb7 Re8 38.Rxf4 Qc2 39.Re1  1-0

[Event "Liechtenstein op"]
[Site "Liechtenstein"]
[Date "1994.??.??"]
[Round "9"]
[White "Donaldson, John W"]
[Black "Moeldner, Juergen"]
[Result "1-0"]
[WhiteElo "2425"]
[BlackElo "2230"]

1.Nf3 f5 2.g3 Nf6 3.Bg2 g6 4.O-O Bg7 5.d4 O-O 6.c4 d6 7.d5 c5 8.Nc3 Na6 9.Rb1 Nc7
10.b3 a6 11.Bb2 b5 12.Qc2 Bd7 13.Nd2 g5 14.f4 h6 15.e3 Qe8 16.Nd1 Qh5 17.Nf2 Nce8
18.Rbe1 Rb8 19.Ba1 e6 20.dxe6 Bxe6 21.cxb5 axb5 22.fxg5 hxg5 23.e4 f4 24.gxf4 gxf4
25.e5 Nd5 26.Nd1 Rf5 27.exd6 Bxa1 28.Rxe6 Bd4+ 29.Kh1 Ng7 30.Bf3 Qh3 31.Bg2 Qh5
32.Ree1 Rd8 33.Bf3 Qh3 34.Ne4 Nf6 35.Ndc3 Nxe4 36.Nxe4 Re5 37.Qg2 Qh4 38.Bg4 Be3
39.Bf3 Kh8 40.Qg6 Nf5 41.Rd1 Rxe4 42.Qxf5 Rd4 43.Qe5+ Kh7 44.Be4+ Rxe4 45.Qxe4+ Kh8
46.Qe5+ Kh7 47.Qf5+ Kg7 48.Rg1+  1-0

[Event "Lloyds Bank op"]
[Site "London"]
[Date "1994.??.??"]
[Round "1"]
[White "Corkett, Anthony"]
[Black "Mainka, Romuald"]
[Result "1/2-1/2"]
[WhiteElo "2295"]
[BlackElo "2485"]

1.c4 f5 2.Nf3 Nf6 3.g3 g6 4.Bg2 Bg7 5.O-O O-O 6.d4 d6 7.Nc3 Qe8 8.b3 Nc6
9.a4 Nb4 10.Ba3 a5 11.Bxb4 axb4 12.Nd5 Nxd5 13.cxd5 c6 14.Qd2 cxd5 15.Qxb4 Ra6
16.Ne1 e6 17.Rc1 Qd8 18.e3 Rb6 19.Qa3 Kh8 20.f4 Rc6 21.Nf3 Qc7 22.b4 Bd7
23.Rxc6 bxc6 24.Rc1 Qb8 25.Bf1 h6 26.h4 Rc8 27.b5 cxb5 28.Rxc8+ Bxc8 29.Bxb5 Qb6  1/2-1/2

[Event "Lloyds Bank op"]
[Site "London"]
[Date "1994.??.??"]
[Round "6"]
[White "Akesson, Ralf"]
[Black "Wilson, Jonathan"]
[Result "1-0"]
[WhiteElo "2460"]
[BlackElo "2190"]

1.c4 f5 2.Nf3 Nf6 3.g3 g6 4.Bg2 Bg7 5.O-O O-O 6.d4 d6 7.Nc3 Qe8 8.d5 Na6
9.Nd4 Bd7 10.Rb1 c6 11.dxc6 bxc6 12.b4 Rd8 13.b5 cxb5 14.cxb5 Nc5 15.Nc6 Nfe4
16.Nxe4 Bxc6 17.bxc6 fxe4 18.Bxe4 Nxe4 19.Qd5+ e6 20.Qxe4 d5 21.Qa4 Rf7 22.Bb2 e5
23.Rbc1 Rc8 24.e3 Qe6 25.Qb5 Bh6 26.Rc5 e4 27.Rxd5 a6 28.Qc4 Rcf8 29.Rc5 Qxc4
30.Rxc4 Bxe3 31.c7 Rxf2 32.Rxf2 Bxf2+ 33.Kg2  1-0

[Event "Lloyds Bank op"]
[Site "London"]
[Date "1994.??.??"]
[Round "10"]
[White "Santos, Daniel"]
[Black "Houska, Miroslav"]
[Result "1/2-1/2"]
[WhiteElo "2250"]
[BlackElo "2200"]

1.d4 f5 2.Nf3 Nf6 3.c4 g6 4.g3 Bg7 5.Bg2 O-O 6.O-O d6 7.Nc3 Qe8 8.d5 Na6
9.Nd4 Bd7 10.b3 c6 11.Ba3 Nc7 12.Rc1 c5 13.Ne6 Nxe6 14.dxe6 Bxe6 15.Bxb7 Rb8
16.Bg2 Rb6 17.Rc2 g5 18.e3 Kh8 19.Bb2 Qg6 20.Nd5 Bxd5 21.cxd5 g4 22.Rc4 Nd7
23.Bxg7+ Qxg7 24.Ra4 Rb7 25.h4 Qc3 26.Qa1 Qxa1 27.Rxa1 Ne5 28.Bf1 Kg7 29.Rc1 Kf6
30.Ra6 Nf3+ 31.Kg2 Ke5 32.Rd1 Ra8 33.Be2 Ke4 34.Bd3+ Ke5 35.Kf1 h5 36.Ke2 Rb6
37.Ra4 a5 38.Rf4 Rf8 39.Ra4 Ra8 40.Rf4  1/2-1/2

[Event "Moscow ol (Men)"]
[Site "Moscow"]
[Date "1994.??.??"]
[Round "9"]
[White "Petran, Peter"]
[Black "Cacho Reigadas, Sergio"]
[Result "0-1"]
[WhiteElo "2445"]
[BlackElo "2385"]

1.g3 f5 2.Bg2 Nf6 3.d4 g6 4.Nf3 Bg7 5.O-O O-O 6.c4 d6 7.Nc3 c6 8.d5 Bd7 9.e4 fxe4
10.Ng5 Qa5 11.Ncxe4 Qa6 12.Nxf6+ Bxf6 13.Qe2 Kg7 14.Ne4 Be5 15.Qe3 Kg8 16.Qh6 Rf7
17.c5 Bf5 18.Ng5 Rg7 19.cxd6 exd6 20.Ne6 Bxe6 21.dxe6 Qc4 22.Bh3 Na6 23.Bg5 Nc7
24.b3 Qc3 25.Rae1 Nd5 26.Re2 Bf6 27.Rfe1 Re7 28.Bc1 Qa5 29.Bd2 Qb6 30.Bg2 Nc7
31.Bg5 Bxg5 32.Qxg5 Rae8 33.Qf6 Qc5 34.h4 Qf5 35.Qxf5 gxf5 36.Bh3 Rf8 37.Rd2 Ne8
38.Rd4 Rf6 39.h5 d5 40.Rf4 Ng7 41.Re5 Rfxe6 42.Rxe6 Rxe6 43.Bxf5 Re1+ 44.Kg2 Nxh5
45.Rg4+ Ng7 46.Bc8 Re7 47.Rd4 h5 48.Rd2 Kf7 49.f4 Kf6 50.Kf3 Nf5 51.Bxf5 Kxf5
52.Rh2 Kg6 53.Rh1 Re4 54.Rc1 a5 55.Rb1 Rd4 56.Re1 Rd3+ 57.Kg2 h4 58.gxh4 Kf5
59.h5 Kxf4 60.h6 Rg3+ 61.Kf2 Rh3 62.Re6 Kf5 63.Rd6 Ke5 64.Rg6 d4 65.Ke2 a4
66.Kd2 Ke4 67.Rg4+ Kd5 68.Rg5+ Kd6 69.Rg6+ Kc5 70.Kc2 axb3+ 71.axb3 Kb4 72.Rd6 Rh2+
73.Kd3 Kxb3 74.Kxd4 Kb4 75.Ke5 Kc5 76.Rg6 b5 77.Kf6 b4 78.Kg7 b3 79.h7 b2
80.Rg1 Kb4 81.Rb1 Kb3  0-1

[Event "Moscow ol (Women)"]
[Site "Moscow"]
[Date "1994.??.??"]
[Round "10"]
[White "Jiretorn, Eva"]
[Black "Koskoska, Gabriela"]
[Result "1-0"]
[WhiteElo "2240"]
[BlackElo "2155"]

1.d4 g6 2.c4 f5 3.Nf3 Nf6 4.g3 Bg7 5.Bg2 O-O 6.O-O d6 7.Nc3 c6 8.d5 Qc7 9.Qb3 Kh8
10.e4 fxe4 11.Ng5 cxd5 12.cxd5 Na6 13.Nb5 Qc5 14.Nxe4 Nxe4 15.Bxe4 Bh3 16.Be3 Qb4
17.Qxb4 Nxb4 18.Rfe1 Na6 19.Bd4 Nc5 20.Bg2 Bd7 21.Rxe7 Bxd4 22.Nxd4 a5 23.Rae1 Rad8
24.f4 Kg8 25.Bf1 Rf7 26.R7e3 Kf8 27.h4 Re8 28.Rxe8+ Bxe8 29.Ne6+ Nxe6 30.Rxe6 Rc7
31.Rxd6 b5 32.Rf6+ Kg7 33.Ra6 Rc5 34.d6 Rd5 35.Rxa5 Rxd6 36.Bxb5 Bf7 37.Ra7 Kf6
38.Ra6 Rxa6 39.Bxa6 Bxa2 40.b4 Kf5 41.b5 Ke6 42.b6 Kd6 43.Kf2 Kc6 44.b7 Kc7
45.Ke3 Be6  1-0

[Event "Moscow ol (Men)"]
[Site "Moscow"]
[Date "1994.??.??"]
[Round "10"]
[White "Dridi, Ali"]
[Black "Mossong, Hubert"]
[Result "1/2-1/2"]
[WhiteElo "2270"]
[BlackElo "2275"]

1.d4 f5 2.Nf3 Nf6 3.g3 g6 4.Bg2 Bg7 5.O-O O-O 6.c4 d6 7.Nc3 Nc6 8.d5 Ne5
9.Nxe5 dxe5 10.e4 f4 11.gxf4 exf4 12.Qe2 Ng4 13.h3 Ne5 14.f3 g5 15.Nd1 h5
16.Nf2 Qe8 17.Bd2 Qg6 18.Bc3 Bd7 19.Rad1 Rf7 20.Kh1 Raf8 21.Rg1 g4 22.Bxe5 Bxe5
23.Nd3 Qf6 24.Nxe5 Qxe5 25.Rd3 Rg7 26.Bf1 gxh3 27.Qh2 Rxg1+ 28.Qxg1+ Qg7
29.Qxg7+ Kxg7 30.Kh2 Kf6 31.Bxh3 Bxh3 32.Kxh3 Rg8 33.Kh2 Rg3 34.b4 Ke5 35.c5 Rg6
36.b5 a6 37.b6 cxb6 38.d6 exd6 39.Rd5+ Ke6 40.Rxd6+ Kf7 41.Rxg6 Kxg6 42.cxb6 a5
43.a4 Kf6 44.Kg2 Kg6 45.Kh3 Kg5 46.e5 Kf5 47.Kh4 Kxe5 48.Kxh5 Kd5 49.Kg5 Kc4
50.Kxf4 Kb4 51.Ke4 Kxa4 52.f4 Kb5 53.f5 a4 54.Kd4 Kc6 55.Kc4 Kd6 56.Kb4 Ke5
57.Kxa4 Kxf5 58.Kb4 Ke6 59.Kc5 Ke5 60.Kc4 Kd6 61.Kd4 Kc6 62.Kc4 Kxb6 63.Kb4  1/2-1/2